Vista normal
Vista MARC
Entrada Nombre Personal
Número de registros utilizados en: 1
001 - Número de Control
- control field: 44533
003 - Identificador de Número de Control
- control field: EC-QuCCB
005 - Fecha y Hora de la última transacción
- Campo de Control: 20260414123846.0
008 - Elementos de Datos de Longitud Fija
- fixed length control field: 260414|| aca||aabn | a|a d
040 ## - Origen de la Catalagación
- Agencia catalogadora original: EC-QuCCB
- Idioma de la catalogación: spa
100 1# - Asiento Principal--Nombre Personal
- Nombre personal :: Malko, George,
400 0# - Trazado Véase Desde -- Nombre Personal
- Nombre Personal: George Malko,
- Título y otras palabras asociadas con un nombre : : dramaturgo y productor estadounidense,
670 ## - Fuente de la Información Encontrada
- Fuente citada :: La Luna : basada en el guión cinematográfico de Bernardo Bertolucci y Giuseppe Bertolucci, 1980:
- Informacion encontrada :: Portada (George Malko)
670 ## - Fuente de la Información Encontrada
- Fuente citada :: VIAF
- Informacion encontrada :: Malko, George
- Informacion encontrada :: George Malko, dramaturgo y productor estadounidense,
- Identificador Uniforme de Recursos :: https://viaf.org/es/viaf/12513185
678 ## - Información Geográfica o Histórica
- Información Histórica o Biográfica: IMDb.George Malko; Nació el 7 de septiembre de 1935 en Dinamarca. Es un escritor, conocido por Los perros de la guerra (1980), Titanic: Adventure Out of Time (1996) y ¿Dónde está Ernie? (1989).
- Identificador Uniforme de Recursos: https://www.imdb.com/es-es/name/nm0539820/























